000 00412nam a2200157Ia 4500
008 210716s2003 xx 000 0 und d
020 _a672323435
041 _aeng
082 _a005.2766 MCMJ
100 _aMcmanus, Jeffrey P;Goldstein, Jackie.
245 _aDatabase access with visual basic .net.
250 _a3
260 _aBoston
_bAddison Wesley
_c2003
300 _axix,441
650 _aVisual Basic
999 _c183565
_d183565